Technically, This Is a 'Matching Game' Quiz Stats

 Plays Quiz Updated Jul 29, 2017

Support Sporcle.
Go Orange.
Score 0/12 Timer 03:00
0 Plays Today
% Correct
National Football League
95.3%
International Astronomical Union
95.2%
Catholic Education Resource Center
95.1%
City Charter of the City of New York
94.4%
Institut National des Appellations d'Origine
93.2%
Mary Shelley herself
92.7%
Nordic Council
90.3%
National Bureau of Economic Research
87.2%
Shintaro Tsuji, president of Sanrio
85.9%
Integrated Taxonomic Information System
82.2%
International Telecommunication Union
78.3%
Supreme Court of the United States
53.6%

You're not logged in!

Compare scores with friends on all Sporcle quizzes.
OR
Log In
Forgot?

From the Vault

Grab Bag (A-Z) III

by hscer

We've also included a kitten in the grab bag, just in case you need a friend.
Remove Ads.
Support Sporcle.
Get the best of Sporcle when you Go Orange. This ad-free experience offers more features, more stats, and more fun while also helping to support Sporcle. Thank you for becoming a member.

Show Comments

Extras

Top Quizzes Today


Score Distribution

Your Account Isn't Verified!

In order to create a playlist on Sporcle, you need to verify the email address you used during registration. Go to your Sporcle Settings to finish the process.

Report this User

Report this user for behavior that violates our Community Guidelines.

Details: